000 00716nam a2200265Ia 4500
005 20260121172744.0
008 008 260114s9999 xx 000 0 eng d
020 _a9783319958828
037 _aEBOOK
040 _aCRL
040 _beng
040 _cCRL
041 _2eng
041 _aeng
084 _qCRL
100 _aWalter Leal Filho, Anabela Marisa Azul, Luciana Brandli, Amanda Lange Salvia, Pinar Gökcin Özuyar, Tony Wall
_91092341
245 0 _aReduced Inequalities
260 _bSpringer
260 _bSpringer
260 _c2021
856 _uhttps://link.springer.com/openurl?genre=book&isbn=978-3-319-95882-8
942 _cEBOOK
999 _c1658081
_d1658081